Statistics for County Seats Of North Dakota

Click here to take the quiz!

General Stats

  • This quiz has been taken 13 times
  • The average score is 24 of 53

Answer Stats

CountySeat% Correct
CassFargo
100%
BurleighBismarck
88%
_____ _____Grand Forks
75%
StutsmanJamestown
75%
WilliamsWilliston
75%
______Bowman
63%
FosterCarrington
63%
StarkDickinson
63%
WalshGrafton
63%
MortonMandan
63%
WardMinot
63%
BarnesValley City
63%
RichlandWahpeton
63%
McKenzieWatford City
63%
SlopeAmidon
50%
Golden ValleyBeach
50%
_________Bottineau
50%
PembinaCavalier
50%
DivideCrosby
50%
RamseyDevils Lake
50%
AdamsHettinger
50%
BillingsMedora
50%
LoganNapoleon
50%
McLeanWashburn
50%
McIntoshAshley
38%
BurkeBowbells
38%
TownerCando
38%
GrantCarson
38%
WellsFessenden
38%
SteeleFinley
38%
SargentForman
38%
SiouxFort Yates
38%
TraillHillsboro
38%
_______LaMoure
38%
CavalierLangdon
38%
EmmonsLinton
38%
RansomLisbon
38%
SheridanMcClusky
38%
RenvilleMohall
38%
HettingerMott
38%
EddyNew Rockford
38%
RoletteRolla
38%
KidderSteele
38%
OliverCenter
25%
GriggsCooperstown
25%
DickeyEllendale
25%
NelsonLakota
25%
DunnManning
25%
BensonMinnewaukan
25%
PierceRugby
25%
MountrailStanley
25%
MercerStanton
25%
McHenryTowner
25%

Score Distribution

Percentile by Number Answered

Percent of People with Each Score

Your Score History

You have not taken this quiz